[Event "ITA-ch Seniors 31st"]
[Site "Arvier"]
[Date "2009.04.27"]
[Round "4"]
[White "Fisauli, Francesco"]
[Black "Turturici, Pellegrino"]
[Result "1-0"]
[WhiteElo "1832"]
[BlackElo "1977"]
[PlyCount "87"]
[EventDate "2009.04.24"]
[EventType "swiss"]
[EventRounds "9"]
[EventCountry "ITA"]
[SourceTitle "EXT 2011"]
[Source "ChessBase"]
[SourceDate "2010.11.26"]
[SourceVersion "1"]
[SourceVersionDate "2010.11.26"]
[SourceQuality "1"]

1. e4 c5 2. Nf3 Nc6 3. c3 d5 4. exd5 Qxd5 5. d3 h6 6. Be2 Nf6 7. Be3 e6 8. 0-0 Be7 9. Na3 a6 10. Qc2 0-0 11. Nc4 Qd8 12. Rad1 b5 13. Ncd2 Qc7 14. d4 c4 15. Ne4 Bb7 16. Nxf6+ Bxf6 17. Qd2 Rad8 18. Bf4 Qd7 19. Qe3 Ne7 20. Ne5 Qe8 21. Bf3 Nf5 22. Qe2 Bxf3 23. Qxf3 g5 24. Be3 Bg7 25. Rfe1 Rd5 26. Bc1 Qa8 27. Qg4 Bxe5 28. dxe5 Rfd8 29. Rxd5 Rxd5 30. f4 Qa7+ 31. Kf1 Qc7 32. fxg5 Rxe5 33. gxh6+ Kh7 34. Bf4 Rxe1+ 35. Kxe1 Qc5 36. Qf3 Qd5 37. Ke2 f6 38. Qxd5 exd5 39. g4 Nxh6 40. Bxh6 Kxh6 41. h4 Kg6 42. Ke3 f5 43. gxf5+ Kxf5 44. Kd4 1-0

[Event "ITA-ch Seniors 31st"]
[Site "Arvier"]
[Date "2009.04.26"]
[Round "3"]
[White "Pipitone, Antonio"]
[Black "Fisauli, Francesco"]
[Result "1-0"]
[WhiteElo "2024"]
[BlackElo "1832"]
[PlyCount "25"]
[EventDate "2009.04.24"]
[EventType "swiss"]
[EventRounds "9"]
[EventCountry "ITA"]
[SourceTitle "EXT 2011"]
[Source "ChessBase"]
[SourceDate "2010.11.26"]
[SourceVersion "1"]
[SourceVersionDate "2010.11.26"]
[SourceQuality "1"]

1. e4 c5 2. Nf3 Nc6 3. d4 cxd4 4. Nxd4 d6 5. Nc3 a6 6. Be2 e6 7. Be3 Nge7 8. 0-0 g6 9. Qd2 Bg7 10. Rad1 d5 11. exd5 Nxd5 12. Nxd5 Qxd5 13. Bf3 1-0